| 000 | 00905cab a2200349 4500 | ||
|---|---|---|---|
| 001 | ABS51754 | ||
| 008 | 090401t1994 xxu||||| |||| 00| 0 eng d | ||
| 035 | _a(Sirsi) u42934 | ||
| 041 | _aeng | ||
| 245 | _aEstates Times survey: residential development | ||
| 260 | _c1994 | ||
| 350 | _a0 | ||
| 490 |
_aEstates Times _v(1257) 11 November 1994, 13-21(7) |
||
| 650 | _aCANARY WHARF | ||
| 650 | _aCENTRAL LONDON | ||
| 650 | _aFROGMORE ESTATES | ||
| 650 | _aHOUSE BUILDING LAND | ||
| 650 | _aHOUSE BUILDING | ||
| 650 | _aHOUSING-DEVELOPMENT | ||
| 650 | _aHUMBERSIDE | ||
| 650 | _aLAND PRICES | ||
| 650 | _aLONDON DOCKLANDS | ||
| 650 | _aMIDLANDS | ||
| 650 | _aPLANNING AND COMPENSATION ACT 1991 | ||
| 650 |
_aAuctioneering _96218 |
||
| 650 | _aSOUTHWEST ENGLAND | ||
| 650 | _aWALES | ||
| 650 | _aYORKSHIRE | ||
| 690 | _aHOUSING-DEVELOPMENT | ||
| 942 | _n0 | ||
| 948 | _c04/03/1997 | ||
| 999 |
_c27458 _d27458 |
||